000 00190nam a2200085Ia 4500
008 120527s9999 xx 000 0 und d
100 _aDerobertis, et al
245 _aCell Biology
942 _cBK
999 _c27358
_d27358